Czy zgadniesz wszystkie postacie z gry League of Legends po zdjęciach? - Statystyki

Ogólne statystyki
  • Ten quiz został rozwiązany 247 razy
    215 od ostatniego zresetowania
  • Średni wynik to 136 z 167
Statystyki odpowiedzi
Obrazkowy Odpowiedź % Poprawnych
Yasuo
93%
Garen
92%
Master Yi
92%
Anivia
91%
Ashe
91%
Camille
91%
Dr Mundo
91%
Galio
91%
Nami
91%
Sett
91%
Sylas
91%
Teemo
91%
Vi
91%
Yorick
91%
Zed
91%
Amumu
90%
Gragas
90%
Pyke
90%
Yone
90%
Aphelios
89%
Lulu
89%
Malphite
89%
Malzahar
89%
Morgana
89%
Vel'Koz
89%
Vladimir
89%
Yuumi
89%
Caitlyn
88%
Irelia
88%
Kayle
88%
Nasus
88%
Poppy
88%
Volibear
88%
Warwick
88%
Ziggs
88%
Akali
87%
Annie
87%
Darius
87%
Ezreal
87%
Lucian
87%
Tryndamere
87%
Varus
87%
Ahri
86%
Draven
86%
Fiora
86%
Gwen
86%
Katarina
86%
Lux
86%
Maokai
86%
Mordekaiser
86%
Nocturne
86%
Ornn
86%
Rammus
86%
Seraphine
86%
Vex
86%
Zac
86%
Ekko
85%
Jinx
85%
LeBlanc
85%
Orianna
85%
Soraka
85%
Janna
84%
Sona
84%
Xayah
84%
Corki
83%
Kassadin
83%
Ryze
83%
Zyra
83%
Bard
82%
Braum
82%
Diana
82%
Evelynn
82%
Hecarim
82%
Leona
82%
Neeko
82%
Renekton
82%
Riven
82%
Shaco
82%
Shen
82%
Sion
82%
Tahm Kench
82%
Twisted Fate
82%
Vayne
82%
Viego
82%
Wukong
82%
Alistar
81%
Lillia
81%
Lissandra
81%
Singed
81%
Zilean
81%
Brand
80%
Cho'Gath
80%
Kai'Sa
80%
Kog'Maw
80%
K'Sante
80%
Lee Sin
80%
Quinn
80%
Swain
80%
Thresh
80%
Tristana
80%
Twitch
80%
Heimerdinger
79%
Hwei
79%
Kalista
79%
Miss Fortune
79%
Nilah
79%
Rakan
79%
Bel'Veth
78%
Elise
78%
Jarvan IV
78%
Jayce
78%
Kennen
78%
Nautilus
78%
Pantheon
78%
Rek'Sai
78%
Sejuani
78%
Smolder
78%
Talon
78%
Viktor
78%
Xin Zhao
78%
Aatrox
77%
Aurelion Sol
77%
Briar
77%
Fiddlesticks
77%
Samira
77%
Trundle
77%
Udyr
77%
Fizz
76%
Gangplank
76%
Graves
76%
Ivern
76%
Senna
76%
Veigar
76%
Azir
75%
Jax
75%
Kayn
75%
Naafiri
75%
Blitzcrank
74%
Illaoi
74%
Jhin
74%
Karthus
74%
Rell
74%
Taric
74%
Urgot
74%
Zoe
74%
Kindred
73%
Nidalee
73%
Gnar
72%
Milio
72%
Olaf
72%
Sivir
72%
Taliyah
72%
Xerath
72%
Zeri
72%
Karma
71%
Kled
71%
Rengar
71%
Nunu i Willump
70%
Renata Glasc
70%
Syndra
69%
Rumble
68%
Shyvana
68%
Skarner
68%
Akshan
66%
Cassiopeia
66%
Kha'Zix
66%
Qiyana
61%
Nie znaleziono quizów pasujących do podanych kryteriów
Rozkład punktacji
Procent ludzi z każdym wynikiem
Percentyl według liczby udzielonych odpowiedzi
Twoja historia wyników
Nie rozwiązałeś tego quizu od ostatniego zresetowania